Beyond horizon : (Record no. 516423)
[ view plain ]
| 000 -LEADER | |
|---|---|
| fixed length control field | 00239nam a22000857a 4500 |
| 100 ## - MAIN ENTRY--PERSONAL NAME | |
| Personal name | Deve, Cataria |
| 9 (RLIN) | 22919 |
| 245 ## - TITLE STATEMENT | |
| Title | Beyond horizon : |
| Remainder of title | Is a beautiful virgin world |
| Statement of responsibility, etc | by Cataria Deve |
| 260 ## - PUBLICATION, DISTRIBUTION, ETC. (IMPRINT) | |
| Place of publication, distribution, etc | New Delhi |
| Name of publisher, distributor, etc | Vandeepkam |
| Date of publication, distribution, etc | 2002 |
| 300 ## - PHYSICAL DESCRIPTION | |
| Extent | 256p. |
| Withdrawn status | Lost status | Source of classification or shelving scheme | Damaged status | Koha normalized classification for sorting | Not for loan | Permanent location | Current location | Date acquired | Full call number | Barcode | Date last seen | Price effective from | Koha item type |
|---|---|---|---|---|---|---|---|---|---|---|---|---|---|
| TNC_A3_DE23 | Indian Institute of Public Administration | Indian Institute of Public Administration | 2021-02-24 | TNC A3 De23 | GR22973 | 2021-02-24 | 2021-02-24 | GR |
